Bjornstjerne Bjornson, Egil Lejon

Bibliographic Details
Corporate Author: Knižnica Gašpara Fejérpataky Belopotockého (Liptovský Mikuláš, Slovensko) (Author)
Other Authors: Brezinová, Libuša (Compiler), Feriančeková, Marcela (Compiler)
Format: Book
Language:Slovak
PhysicalDescription:3 zlož. l. v prebale čiernobiele a fareb. fotogr., mp. 16x11 cm
Published: Liptovský Mikuláš Knižnica Gašpara Fejérpataky Belopotockého 1998
ISBN:808570241X
Series:Bibliofília
Subjects:

MARC

LEADER 00000nam a2200000 a 4500
001 vtls001398915
003 SK-MaSNL
005 20260301161818.0
008 251113s1998 xo ab r yd 0 slo
015 |a SNBE2001/01-00332 
020 |a 808570241X 
035 |a SNK000353368 
040 |a SNK  |b slo  |c SNK  |e AACR2 
041 0 |a slo 
044 |a xo  |c SK 
080 |a 839.6:929(083.9)  |2 1981 
080 |a 929 Lejon, Egil  |2 1981 
080 |a 929  |2 1981 
245 1 |a Bjornstjerne Bjornson, Egil Lejon  |c zostavili: Libuša Brezinová, Marcela Feriančeková 
260 |a Liptovský Mikuláš  |b Knižnica Gašpara Fejérpataky Belopotockého  |c 1998 
300 |a 3 zlož. l. v prebale  |b čiernobiele a fareb. fotogr., mp.  |c 16x11 cm 
490 1 |a Bibliofília  |v zv. 12 
500 |a 70 výt. 
504 |a Biogr. údaje 
600 1 |a Lejon, Egil  |d 1948-  |x katalógy  |2 SNK  |9 525383 
600 1 |a Bjørnson, Bjørnstjerne,  |d 1832-1910  |2 SNK  |9 200250 
655 7 |a informačné publikácie  |2 SNK  |9 70181 
700 1 |a Brezinová, Libuša  |4 com  |9 11193 
700 1 |a Feriančeková, Marcela  |4 com  |9 266669 
710 0 |a Knižnica Gašpara Fejérpataky Belopotockého (Liptovský Mikuláš, Slovensko)  |4 aut  |9 164698 
830 0 |a Bibliofília  |9 382615 
919 |a 80-85702-41-X 
958 |a TL 
958 |a BX 
999 |c 810892  |d 812822 
952 |t P60, <03>, [BOOK], {603}  |a SNK  |b SNK  |y PREZ  |7 0  |p 17A0256831  |o snkOSE 3684  |i snkKSP 11315/2000  |0 0  |1 0  |4 0  |d 2000-11-02  |l 0  |r 2005-01-02 00:00:00  |w 2026-02-24